[Event "Manizales op 26th"]
[Site "Manizales"]
[Date "2017.01.06"]
[Round "4"]
[White "Cortes Castro, Jhonny"]
[Black "Valencia, Carlos Antonio"]
[Result "0-1"]
[WhiteElo "1742"]
[BlackElo "1908"]
[PlyCount "74"]
[EventDate "2017.01.04"]
[EventType "swiss"]
[EventRounds "9"]
[EventCountry "COL"]
[SourceTitle "CBM 176 Extra"]
[Source "ChessBase"]
[SourceDate "2017.03.02"]
[SourceVersion "1"]
[SourceVersionDate "2017.03.02"]
[SourceQuality "1"]

1. e4 c6 2. d4 d5 3. e5 c5 4. dxc5 Nc6 5. f4 Bf5 6. c3 a5 7. Bd2 e6 8. b4 axb4 9. cxb4 Nd4 10. Nc3 Nc2+ 11. Kf2 Nxb4 12. Ne4 dxe4 13. Bxb4 Qxd1 14. Rxd1 Rxa2+ 15. Ke3 Ne7 16. Bb5+ Nc6 17. Rd2 Ra1 18. g4 Bxg4 19. Kxe4 Rb1 20. Bxc6+ bxc6 21. Ba5 Be7 22. Bb6 Re1+ 23. Kd4 0-0 24. Ra2 f6 25. Ra7 fxe5+ 26. fxe5 Bg5 27. h4 Be3+ 28. Kd3 Bxg1 29. h5 h6 30. Rh4 Rf4 31. Bd8 Rd1+ 32. Kc3 Rxd8 33. Rc7 Bf2 34. Rh2 Bd4+ 35. Kc2 Bf5+ 36. Kb3 Rb8+ 37. Ka3 Bxc5+ 0-1

[Event "Manizales op 26th"]
[Site "Manizales"]
[Date "2017.01.06"]
[Round "5"]
[White "Valencia, Carlos Antonio"]
[Black "Garcia Alarcon, Alvaro"]
[Result "1-0"]
[WhiteElo "1908"]
[BlackElo "2195"]
[PlyCount "71"]
[EventDate "2017.01.04"]
[EventType "swiss"]
[EventRounds "9"]
[EventCountry "COL"]
[SourceTitle "CBM 176 Extra"]
[Source "ChessBase"]
[SourceDate "2017.03.02"]
[SourceVersion "1"]
[SourceVersionDate "2017.03.02"]
[SourceQuality "1"]

1. e4 e6 2. c4 c5 3. Nf3 Nc6 4. Nc3 d6 5. d4 Be7 6. d5 exd5 7. exd5 Nb8 8. Bd3 Bg4 9. h3 Bh5 10. Bf4 Nf6 11. 0-0 0-0 12. Re1 Na6 13. a3 Nc7 14. g4 Bg6 15. b4 b6 16. Ra2 Re8 17. Rae2 Bf8 18. Rxe8 Ncxe8 19. Bxg6 hxg6 20. Qa4 cxb4 21. Qxb4 Nc7 22. Qa4 Qc8 23. Kg2 Na6 24. Be3 Nc5 25. Bxc5 Qxc5 26. Qc6 Rc8 27. Qxc5 Rxc5 28. Nd2 Rc8 29. Nb5 a6 30. Nd4 b5 31. g5 Nh5 32. Kf3 bxc4 33. Nc6 c3 34. Nc4 Re8 35. Rxe8 c2 36. Re1 1-0

[Event "Manizales op 26th"]
[Site "Manizales"]
[Date "2017.01.04"]
[Round "1"]
[White "Valencia, Carlos Antonio"]
[Black "Lopez Marin, Andres"]
[Result "0-1"]
[WhiteElo "1908"]
[BlackElo "1600"]
[PlyCount "98"]
[EventDate "2017.01.04"]
[EventType "swiss"]
[EventRounds "9"]
[EventCountry "COL"]
[SourceTitle "CBM 176 Extra"]
[Source "ChessBase"]
[SourceDate "2017.03.02"]
[SourceVersion "1"]
[SourceVersionDate "2017.03.02"]
[SourceQuality "1"]

1. e4 e6 2. d4 c5 3. Nf3 cxd4 4. Nxd4 Nc6 5. Be3 Be7 6. Nc3 Nf6 7. Bd3 d6 8. a3 Bd7 9. 0-0 Nxd4 10. Bxd4 e5 11. Be3 0-0 12. h3 a6 13. Kh1 Bc6 14. Nd5 Rc8 15. Bb6 Qd7 16. c4 Bd8 17. Bxd8 Qxd8 18. f4 h6 19. fxe5 Bxd5 20. Rxf6 dxe5 21. exd5 Qxf6 22. Qe2 Qd6 23. Rf1 g6 24. b4 Kg7 25. Rd1 b6 26. g4 b5 27. c5 Qxd5+ 28. Be4 Qb3 29. Rd3 Qb1+ 30. Rd1 Qb3 31. Rd3 Qc4 32. Bd5 Qf4 33. Rf3 Qg5 34. Re3 Rfe8 35. Bb7 Rcd8 36. Bxa6 Rd4 37. Bxb5 Red8 38. Qf3 Rf4 39. Qe2 Qh4 40. Kg2 Rfd4 41. Rd3 Qg5 42. c6 e4 43. Rxd4 Rxd4 44. c7 Qc1 45. Ba6 Qxc7 46. Qb2 Qd6 47. Be2 Kh7 48. Kf1 Qf4+ 49. Ke1 e3 0-1

[Event "COL sub zt 2.3.4"]
[Site "La Dorada"]
[Date "2016.11.06"]
[Round "8"]
[White "Vasquez Garrido, Nuremberg Adin"]
[Black "Valencia, Carlos Antonio"]
[Result "1-0"]
[WhiteElo "2024"]
[BlackElo "1910"]
[PlyCount "55"]
[EventDate "2016.11.02"]
[EventType "swiss"]
[EventRounds "9"]
[EventCountry "COL"]
[SourceTitle "CBM 175 Extra"]
[Source "ChessBase"]
[SourceDate "2016.12.12"]
[SourceVersion "1"]
[SourceVersionDate "2016.12.12"]
[SourceQuality "1"]

1. e4 c6 2. c4 e6 3. d4 d5 4. e5 c5 5. dxc5 Nc6 6. Nf3 Bxc5 7. a3 Qb6 8. Qc2 Nd4 9. Nxd4 Bxd4 10. cxd5 exd5 11. Nc3 Bd7 12. Bf4 Rc8 13. Rc1 Ne7 14. Bd3 Ng6 15. Bxg6 hxg6 16. 0-0 0-0 17. Qd2 Bxc3 18. bxc3 Be6 19. Be3 Qa6 20. Bd4 Rc4 21. Qg5 Re8 22. g4 Bc8 23. f4 Qxa3 24. f5 Qe7 25. f6 Qd8 26. Rf3 Re6 27. Rh3 gxf6 28. Qh6 1-0

[Event "COL sub zt 2.3.4"]
[Site "La Dorada"]
[Date "2016.11.05"]
[Round "6"]
[White "Martinez, Julian"]
[Black "Valencia, Carlos Antonio"]
[Result "1-0"]
[WhiteElo "2179"]
[BlackElo "1910"]
[PlyCount "105"]
[EventDate "2016.11.02"]
[EventType "swiss"]
[EventRounds "9"]
[EventCountry "COL"]
[SourceTitle "CBM 175 Extra"]
[Source "ChessBase"]
[SourceDate "2016.12.12"]
[SourceVersion "1"]
[SourceVersionDate "2016.12.12"]
[SourceQuality "1"]

1. e4 c5 2. Nf3 d6 3. Bc4 Nf6 4. d3 g6 5. Ng5 e6 6. f4 h6 7. Nf3 Bg7 8. 0-0 0-0 9. Nc3 Nc6 10. h3 a6 11. a4 d5 12. Bb3 Nd4 13. e5 Nxf3+ 14. Qxf3 Nd7 15. Ne2 b6 16. c3 Bb7 17. d4 b5 18. Bc2 Qc7 19. Bd3 bxa4 20. g4 f5 21. Qg3 Bc6 22. gxf5 gxf5 23. Kh2 Rf7 24. Rg1 Nf8 25. Qh4 Kh7 26. Ng3 Qd8 27. Qh5 Be8 28. Be3 c4 29. Bc2 Rf6 30. exf6 Bxh5 31. fxg7 Bg6 32. gxf8Q Qxf8 33. Rg2 a3 34. Rxa3 Qb8 35. Ra5 Qb6 36. Rc5 Rg8 37. Bc1 Re8 38. Re2 Qd6 39. Ba4 Re7 40. Rc6 Qd7 41. Nf1 Be8 42. Rxa6 Qc8 43. Ra5 Qd8 44. Bxe8 Qxa5 45. Bh5 Qa1 46. Re1 Qb1 47. Bf3 Qc2+ 48. Bd2 Qxb2 49. Bxd5 Kg7 50. Bxe6 Qb6 51. Bxc4 Rc7 52. Bd3 Kf6 53. Ne3 1-0

[Event "COL sub zt 2.3.4"]
[Site "La Dorada"]
[Date "2016.11.03"]
[Round "3"]
[White "Valencia, Carlos Antonio"]
[Black "Panesso, Oscar J"]
[Result "0-1"]
[WhiteElo "1910"]
[BlackElo "2030"]
[PlyCount "46"]
[EventDate "2016.11.02"]
[EventType "swiss"]
[EventRounds "9"]
[EventCountry "COL"]
[SourceTitle "CBM 175 Extra"]
[Source "ChessBase"]
[SourceDate "2016.12.12"]
[SourceVersion "1"]
[SourceVersionDate "2016.12.12"]
[SourceQuality "1"]

1. e4 c5 2. Nf3 Nc6 3. d4 cxd4 4. Nxd4 g6 5. Nxc6 bxc6 6. Qd4 Nf6 7. e5 Nd5 8. e6 Nf6 9. Nc3 fxe6 10. Bg5 Bg7 11. 0-0-0 Qa5 12. Qd2 Rb8 13. Bxf6 Bxf6 14. Bc4 Rb4 15. Qd3 d5 16. Bb3 c5 17. Nxd5 exd5 18. Qxd5 Rxb3 19. Qxb3 Qb6 20. Rhe1 Qxb3 21. axb3 Kf7 22. c3 Be6 23. g3 Rb8 0-1

[Event "Manizales-ch"]
[Site "Manizales"]
[Date "2016.09.05"]
[Round "1"]
[White "Zapata, Alvaro"]
[Black "Valencia, Carlos Antonio"]
[Result "0-1"]
[WhiteElo "1623"]
[BlackElo "1887"]
[PlyCount "92"]
[EventDate "2016.09.05"]
[EventType "swiss"]
[EventRounds "9"]
[EventCountry "COL"]
[SourceTitle "CBM 174 Extra"]
[Source "ChessBase"]
[SourceDate "2016.10.10"]
[SourceVersion "1"]
[SourceVersionDate "2016.10.10"]
[SourceQuality "1"]

1. d4 c5 2. d5 e5 3. c4 f5 4. Nc3 d6 5. Nf3 Be7 6. e3 e4 7. Ng1 Nf6 8. Nh3 0-0 9. Be2 Nbd7 10. 0-0 Ne5 11. f3 exf3 12. gxf3 Nh5 13. Rf2 Kh8 14. Rg2 f4 15. Nxf4 Nxf4 16. exf4 Ng6 17. Rxg6 hxg6 18. Ne4 Bf6 19. Qf1 Bd4+ 20. Kh1 Qh4 21. Qg2 Bf5 22. Bd2 Rae8 23. Ng5 Re7 24. Bf1 Rfe8 25. a4 Bxb2 26. Ra2 Bd4 27. Ra3 Re1 28. Bxe1 Rxe1 29. Rb3 b6 30. a5 Qxf4 31. axb6 axb6 32. Ra3 Rxf1+ 33. Qxf1 Qxg5 34. Qe1 Bh3 35. Ra2 Kh7 36. Re2 Be5 37. Qf2 Bf5 38. Qf1 Qf4 39. Qf2 g5 40. Ra2 Qxc4 41. Qg2 Qc1+ 42. Qg1 Qf4 43. Qf1 g4 44. Rf2 Bd4 45. fxg4 Be4+ 46. Kg1 Qxg4+ 0-1

[Event "Villamaria op 2nd"]
[Site "Villamaria"]
[Date "2016.07.02"]
[Round "2"]
[White "Bravo, Juan Eduardo"]
[Black "Valencia, Carlos Antonio"]
[Result "1/2-1/2"]
[WhiteElo "1700"]
[BlackElo "1861"]
[PlyCount "74"]
[EventDate "2016.07.02"]
[EventType "swiss"]
[EventRounds "7"]
[EventCountry "COL"]
[SourceTitle "CBM 173 Extra"]
[Source "ChessBase"]
[SourceDate "2016.08.29"]
[SourceVersion "1"]
[SourceVersionDate "2016.08.29"]
[SourceQuality "1"]

1. e4 c6 2. Nc3 d5 3. Nf3 d4 4. Ne2 c5 5. Ng3 Nc6 6. h3 a6 7. a4 h5 8. Bc4 e6 9. d3 h4 10. Ne2 Be7 11. c3 e5 12. Qb3 Nh6 13. Bxh6 Rxh6 14. Bxf7+ Kf8 15. Bd5 Na5 16. Qc2 Qd6 17. 0-0-0 Be6 18. Bxe6 Qxe6 19. Kb1 b5 20. Nh2 Bg5 21. Ng4 Rg6 22. g3 b4 23. f4 b3 24. Qd2 Bh6 25. Nxh6 Qc6 26. fxe5 Rxh6 27. Rhf1+ Kg8 28. g4 Qxa4 29. Nc1 Nc6 30. Rf5 dxc3 31. Qxc3 Nd4 32. Rf2 Rc6 33. Rdf1 Rb8 34. Qc4+ Qxc4 35. dxc4 Re8 36. Rf7 Rxe5 37. Rb7 Rxe4 1/2-1/2

[Event "Manizales Castro Memorial"]
[Site "Manizales"]
[Date "2015.12.20"]
[Round "6"]
[White "Valencia, Carlos Antonio"]
[Black "Grajales, Rubiel"]
[Result "0-1"]
[WhiteElo "1866"]
[BlackElo "2029"]
[PlyCount "74"]
[EventDate "2015.12.17"]
[EventType "swiss"]
[EventRounds "7"]
[EventCountry "COL"]
[SourceTitle "CBM 170 Extra"]
[Source "ChessBase"]
[SourceDate "2016.02.25"]
[SourceVersion "1"]
[SourceVersionDate "2016.02.25"]
[SourceQuality "1"]

1. c4 Nf6 2. d4 d6 3. Nc3 Nbd7 4. Nf3 e5 5. e4 c6 6. Bd3 Be7 7. h3 0-0 8. Be3 Re8 9. Qd2 a5 10. Rd1 Bf8 11. Bc2 Qc7 12. 0-0 g6 13. Rfe1 Bg7 14. d5 Bf8 15. a3 cxd5 16. cxd5 Nc5 17. b4 axb4 18. axb4 Na6 19. Nb5 Qd8 20. Bg5 Be7 21. Bd3 Nh5 22. Bxe7 Qxe7 23. Rc1 Nf4 24. Bf1 f5 25. exf5 gxf5 26. g3 Ng6 27. Qh6 Rf8 28. Ng5 Rf6 29. Qh5 e4 30. Rc4 Ne5 31. Nd4 Nxc4 32. Bxc4 Nxb4 33. Nde6 Bxe6 34. Nxe6 Qf7 35. Qh4 Rc8 36. Ng5 Qg6 37. Nxh7 Rf7 0-1

[Event "Manizales Castro Memorial"]
[Site "Manizales"]
[Date "2015.12.18"]
[Round "2"]
[White "Valencia, Carlos Antonio"]
[Black "Soto, Jonathan"]
[Result "1-0"]
[WhiteElo "1866"]
[BlackElo "1636"]
[PlyCount "91"]
[EventDate "2015.12.17"]
[EventType "swiss"]
[EventRounds "7"]
[EventCountry "COL"]
[SourceTitle "CBM 170 Extra"]
[Source "ChessBase"]
[SourceDate "2016.02.25"]
[SourceVersion "1"]
[SourceVersionDate "2016.02.25"]
[SourceQuality "1"]

1. c4 Nf6 2. Nf3 c5 3. b3 g6 4. Bb2 Bg7 5. e4 d6 6. h3 Nc6 7. g4 e5 8. d3 Nd4 9. Be2 Bd7 10. Nc3 b5 11. Nxd4 cxd4 12. Nxb5 Bxb5 13. cxb5 Qa5+ 14. Kf1 Qxb5 15. f4 Nd7 16. f5 Rc8 17. g5 h6 18. f6 Bf8 19. Rc1 Nc5 20. a3 a5 21. Rc4 Rb8 22. b4 Ne6 23. Qc1 Kd7 24. Bg4 hxg5 25. a4 Qb7 26. b5 Bh6 27. Rh2 Rhc8 28. Rhc2 Rxc4 29. Rxc4 Rc8 30. Ba3 Bf8 31. Kf2 Rc7 32. Kg3 Kd8 33. Bxe6 fxe6 34. Rxc7 Qxc7 35. Qxc7+ Kxc7 36. Kg4 Bh6 37. Bc1 d5 38. exd5 exd5 39. Bxg5 Bf8 40. Bd2 Kb6 41. Kg5 e4 42. Kxg6 e3 43. Be1 Bb4 44. f7 e2 45. Bf2 Kc7 46. Kg7 1-0

[Event "Manizales Castro Memorial"]
[Site "Manizales"]
[Date "2015.12.17"]
[Round "1"]
[White "Castano Olaya, Jair"]
[Black "Valencia, Carlos Antonio"]
[Result "0-1"]
[WhiteElo "1562"]
[BlackElo "1866"]
[PlyCount "68"]
[EventDate "2015.12.17"]
[EventType "swiss"]
[EventRounds "7"]
[EventCountry "COL"]
[SourceTitle "CBM 170 Extra"]
[Source "ChessBase"]
[SourceDate "2016.02.25"]
[SourceVersion "1"]
[SourceVersionDate "2016.02.25"]
[SourceQuality "1"]

1. e4 a6 2. Nf3 c5 3. d3 e6 4. g3 g6 5. Bg2 Bg7 6. 0-0 Nc6 7. Nc3 Nge7 8. Ne2 0-0 9. c3 d5 10. Qb3 b5 11. exd5 Na5 12. Qa3 b4 13. cxb4 cxb4 14. Qxb4 Nxd5 15. Qd2 Bb7 16. d4 Nc4 17. Qd3 Rc8 18. b3 Nd6 19. Ba3 Re8 20. Bxd6 Qxd6 21. a3 a5 22. Qd2 Ba6 23. Rfe1 Qb6 24. Rab1 Bxe2 25. Rxe2 Nc3 26. Ree1 Nxb1 27. Rxb1 Red8 28. b4 Bxd4 29. Nxd4 Rxd4 30. Qe1 axb4 31. Bf1 b3 32. Rb2 Rc2 33. Qb1 Rdd2 34. Rxc2 Qxf2+ 0-1